| 000 | 00382nam a2200181Ia 4500 | ||
|---|---|---|---|
| 100 | _aCourant/ Richard | ||
| 650 | _aCalculus | ||
| 490 | _v2 | ||
| 942 | _cBK | ||
| 366 | _f20 | ||
| 654 | _acalculus | ||
| 245 | _aIntroduction to calculus & analysis | ||
| 260 |
_bSpringer _aNew Delhi _c1989 |
||
| 082 |
_a515.6/COU _bCOU |
||
| 300 | _a954 | ||
| 546 | _aENGLISH | ||
| 999 |
_c29159 _d29159 |
||